00587nam a22001577a 4500008004100000040005500041080001400096245006100110260004300171300001400214650001400228653002600242942001200268999001700280952013200297230406b |||||||| |||| 00| 0 eng d aNational Science LibrarycNational Science Library a338.9bK8 aTechniques of demand forecasting for industrial products aNew Delhi: bSundar Publishers, c1968 aiv, 233p. aEconomics aIntermediate products 2udccBK c19400d19400 00102udc4063389_K870928441aNSLbNSLcGF/Rk-5/C-8/R-1d1969-02-06l0o338.9 K8p26316r2023-04-06 00:00:00w1969-02-06yBK